Understanding Scotland : the sociology of a stateless nation
Αποθηκεύτηκε σε:
| Κύριος συγγραφέας: | |
|---|---|
| Μορφή: | Βιβλίο |
| Γλώσσα: | English |
| Δημοσίευση: |
London :
Routledge,
c1992.
|
| Σειρά: | International library of sociology
|
| Θέματα: | |
| Ετικέτες: |
Προσθήκη ετικέτας
Δεν υπάρχουν, Καταχωρήστε ετικέτα πρώτοι!
|
MARC
| LEADER | 00000cam a2200000 i 4500 | ||
|---|---|---|---|
| 001 | 1/221 | ||
| 008 | 000403s1992 enk| ||| |||| ||eng|| | ||
| 020 | |a 0415067480 | ||
| 035 | |l 10059582 | ||
| 040 | |a GR-MyUa |b gre |e AACR2 | ||
| 041 | 0 | |a eng | |
| 082 | 7 | |a 306.09411 |2 (22) | |
| 100 | 1 | |a McCrone, David. | |
| 245 | 1 | 0 | |a Understanding Scotland : |b the sociology of a stateless nation / |c David McCrone. |
| 260 | |a London : |b Routledge, |c c1992. | ||
| 300 | |a 238 σ. ; |c 23 εκ. | ||
| 490 | 1 | |a (International library of sociology) | |
| 504 | |a Περιλαμβάνει βιβλιογραφικές παραπομπές και ευρετήριο. | ||
| 650 | 0 | 0 | |a Nationalism |z Scotland. |
| 650 | 0 | 0 | |a Regionalism |z Great Britain. |
| 651 | 0 | |a Scotland |x Social conditions. | |
| 830 | 0 | |a International library of sociology | |
| 852 | |a INST |b LESVOS |e 20000403 |h 306.09411 MCC |p 005100020198 |q 005100020198 |t BK |y 0 | ||
| 901 | |a BIBL1-2000-1 | ||
| 922 | |a 1ΕΛΗ |b 200003 |c ΚΠΣ/ΤΓ |d LEADER | ||
| 950 | |a 118-1999-09-20 | ||
| 970 | |a ΜΟΥΣΤΑΚΑ |b ΠΗΝΕΛΟΠΗ |z 2000/04/21 | ||